00309pab a2200097 454500008003600000100002400036245006900060362002800129650003100157773002300188180718b xxu||||| |||| 00| 0 eng d aRoy-Chaudhury Rajul aHigher defence planning in India: critical need for reassessment a16(7), Oct 93, p.823-36 aDefence, National -- India aStrategic Analysis